00356nam a2200121Ia 4500008004000000020001800040082001600058100002000074245005100094260003700145300000800182650004400190210210b2006 xxu||||| |||| 00| 0 eng d a81 7835 501 9 a362.83 SREE aSREERAMULU (G). aEmpowerment of women through self help groups. aDelhibKalpaz publicationsc2006 a322 aEmpowerment Women Woman Self Help Group